000 00685nam a2200145 a 4500
008 220712s1996 ||||||||||||||||| || u
050 _aCBU(05)C/1996/3
110 _aCopperbelt University
245 1 0 _aCBU Courier : Issue No.3 September, 1996
_cBy The Copperbelt University(CBU)
260 _aKitwe
_bCopperbelt University
_c1996
300 _a11 pages
650 _aCOPPERBELT UNIVERSITY--PERIODICALS
995 _aSPECIAL COLLECTIONS
_e4922
_FCBU-MAIN LIBRARY (Kitwe)
_jCBU(05)C/1996/3B
_M2
_UAVAILABLE
_WJul 12, 2022
_yB4922
_ZUniversity Collection
995 _aSPECIAL COLLECTIONS
_e492
_FCBU-MAIN LIBRARY (Kitwe)
_jCBU(05)C/1996/3A
_M1
_UAVAILABLE
_WJul 12, 2022
_yB4921
_ZUniversity Collection
999 _c79216
_d79216